[Event "CHI-ch"]
[Site "Valdivia"]
[Date "2016.02.29"]
[Round "2"]
[White "Lopez Silva, Hugo Andres"]
[Black "Torres Bravo, Cristobal Renato"]
[Result "1/2-1/2"]
[WhiteElo "2419"]
[BlackElo "2309"]
[PlyCount "99"]
[EventDate "2016.02.29"]
[EventType "tourn"]
[EventRounds "11"]
[EventCountry "CHI"]
[SourceTitle "CBM 171 Extra"]
[Source "ChessBase"]
[SourceDate "2016.04.26"]
[SourceVersion "1"]
[SourceVersionDate "2016.04.26"]
[SourceQuality "1"]

1. e4 c5 2. Nf3 Nc6 3. d4 cxd4 4. Nxd4 Nf6 5. Nc3 d6 6. f3 Qb6 7. Be3 e5 8. Nf5 Qxb2 9. Nb5 Bxf5 10. Nc7+ Kd8 11. Nxa8 Bc8 12. Rb1 Qc3+ 13. Kf2 Nd4 14. a4 d5 15. Bd2 Qc5 16. Be3 Qc3 17. Bd2 Qxc2 18. Qxc2 Nxc2 19. Rc1 Bc5+ 20. Kg3 Nh5+ 21. Kh4 h6 22. g4 Bf2+ 23. Kh3 Ne3 24. Rxc8+ Kxc8 25. gxh5 Kb8 26. Nb6 axb6 27. Bxe3 Bxe3 28. exd5 Kc7 29. Bd3 Kd6 30. Re1 Bd4 31. Re4 Ra8 32. Rg4 Rxa4 33. Be4 Ra3 34. Kg3 Ra1 35. Kh3 Rf1 36. Kg2 Rg1+ 37. Kh3 f5 38. Bxf5 Rxg4 39. Kxg4 Kxd5 40. Be4+ Kc4 41. Bxb7 b5 42. Bc6 Kb4 43. Kf5 Ka5 44. Be8 b4 45. Ke4 b3 46. Kd3 Kb4 47. Bc6 b2 48. Kc2 Kc5 49. h3 Kd6 50. Bb5 1/2-1/2

[Event "CHI-ch"]
[Site "Valdivia"]
[Date "2016.02.29"]
[Round "1"]
[White "Torres Bravo, Cristobal Renato"]
[Black "Sanchez Sandoval, Gonzalo"]
[Result "1-0"]
[WhiteElo "2309"]
[BlackElo "2249"]
[PlyCount "81"]
[EventDate "2016.02.29"]
[EventType "tourn"]
[EventRounds "11"]
[EventCountry "CHI"]
[SourceTitle "CBM 171 Extra"]
[Source "ChessBase"]
[SourceDate "2016.04.26"]
[SourceVersion "1"]
[SourceVersionDate "2016.04.26"]
[SourceQuality "1"]

1. c4 Nf6 2. Nc3 e6 3. g3 Bb4 4. Bg2 0-0 5. a3 Bxc3 6. bxc3 Nc6 7. d3 e5 8. e4 d6 9. f4 exf4 10. Bxf4 Re8 11. Ne2 Nh5 12. 0-0 Nxf4 13. gxf4 Bg4 14. Qd2 Ne7 15. Ng3 Bd7 16. f5 f6 17. Nh5 Kh8 18. Rf3 Ng8 19. Rg3 Re7 20. Kh1 Qe8 21. Nf4 c6 22. Rg1 Rc8 23. Qf2 b6 24. Bf3 Rc7 25. Qd4 Bc8 26. Rh3 h6 27. Qxd6 Red7 28. Qb4 Kh7 29. Rhg3 c5 30. Qb2 Qe5 31. Nd5 Rb7 32. d4 Qe8 33. Qf2 cxd4 34. cxd4 Rf7 35. Qg2 Qf8 36. e5 fxe5 37. dxe5 Bxf5 38. Bh5 Rfd7 39. Rf1 Ne7 40. Nxe7 Rxe7 41. Rxf5 1-0

[Event "CHI-ch"]
[Site "Santiago de Chile"]
[Date "2015.02.26"]
[Round "7"]
[White "Valenzuela Gomez, Fernando Alberto"]
[Black "Torres Bravo, Cristobal Renato"]
[Result "1/2-1/2"]
[WhiteElo "2261"]
[BlackElo "2348"]
[PlyCount "122"]
[EventDate "2015.02.21"]
[EventType "swiss"]
[EventRounds "9"]
[EventCountry "CHI"]
[SourceTitle "CBM 165 Extra"]
[Source "ChessBase"]
[SourceDate "2015.04.21"]
[SourceVersion "1"]
[SourceVersionDate "2015.04.21"]
[SourceQuality "1"]

1. d4 Nf6 2. c4 g6 3. f3 d5 4. cxd5 Nxd5 5. e4 Nb6 6. Nc3 Bg7 7. Be3 c6 8. Qd2 e5 9. d5 0-0 10. h4 cxd5 11. exd5 N8d7 12. h5 Nf6 13. hxg6 fxg6 14. Nh3 Bxh3 15. Rxh3 Rc8 16. d6 e4 17. Be2 Rc6 18. Rd1 exf3 19. Rxf3 a6 20. Kf1 Kh8 21. Kg1 Qd7 22. Bh6 Rd8 23. Bxg7+ Qxg7 24. Qf4 Nbd7 25. Re3 Ng8 26. Bf3 Rb6 27. Rd2 Ndf6 28. Red3 g5 29. Qd4 Rbxd6 30. Qxd6 Rxd6 31. Rxd6 g4 32. Bd5 Qe7 33. Bxg8 Kxg8 34. Rd8+ Kg7 35. Ne2 Qe3+ 36. Kh2 Qe5+ 37. Ng3 h5 38. Re2 Qf4 39. Rd4 Qb8 40. Re7+ Kg8 41. Re6 h4 42. Rxf6 Qxg3+ 43. Kh1 Qe1+ 44. Kh2 Qe5+ 45. Rff4 Kg7 46. Rde4 Qb8 47. g3 hxg3+ 48. Kxg3 Kg6 49. Kxg4 Qc8+ 50. Kg3 Qc7 51. Kf3 Qd7 52. Ke3 Qh3+ 53. Rf3 Qh2 54. Rf2 Qg1 55. Ke2 Qb1 56. Rg4+ Kh5 57. Rg3 Qxb2+ 58. Kf1 Qb1+ 59. Kg2 Qe4+ 60. Kg1 Qe1+ 61. Kg2 Qe4+ 1/2-1/2

[Event "CHI-ch"]
[Site "Santiago de Chile"]
[Date "2015.02.25"]
[Round "6"]
[White "Torres Bravo, Cristobal Renato"]
[Black "Squella Lavin, Carlos Felipe"]
[Result "1-0"]
[WhiteElo "2348"]
[BlackElo "2203"]
[PlyCount "51"]
[EventDate "2015.02.21"]
[EventType "swiss"]
[EventRounds "9"]
[EventCountry "CHI"]
[SourceTitle "CBM 165 Extra"]
[Source "ChessBase"]
[SourceDate "2015.04.21"]
[SourceVersion "1"]
[SourceVersionDate "2015.04.21"]
[SourceQuality "1"]

1. g3 Nf6 2. Bg2 d5 3. Nf3 e6 4. 0-0 Bd6 5. d4 b6 6. c4 Bb7 7. Nbd2 0-0 8. b3 Nbd7 9. cxd5 exd5 10. Nh4 Re8 11. Nf5 Bb4 12. Bb2 Ba6 13. Ne3 c6 14. a3 Bf8 15. Rc1 Rc8 16. Nf3 g6 17. Rc2 Ne4 18. Ne5 Nxe5 19. dxe5 Bc5 20. Bxe4 dxe4 21. Ng4 Be7 22. Rd2 Qc7 23. Rd7 Qb8 24. e6 f6 25. Bxf6 Bf8 26. Be5 1-0

[Event "CHI-ch"]
[Site "Punta Arenas"]
[Date "2014.02.22"]
[Round "7"]
[White "Garcia Cardenas, Pablo"]
[Black "Torres Bravo, Cristobal Renato"]
[Result "1-0"]
[WhiteElo "2420"]
[BlackElo "2353"]
[PlyCount "85"]
[EventDate "2014.02.18"]
[EventType "tourn"]
[EventRounds "11"]
[EventCountry "CHI"]
[EventCategory "5"]
[SourceTitle "CBM 159 Extra"]
[Source "ChessBase"]
[SourceDate "2014.04.24"]
[SourceVersion "1"]
[SourceVersionDate "2014.04.24"]
[SourceQuality "1"]

1. e4 c5 2. Nf3 e6 3. d4 cxd4 4. Nxd4 Nc6 5. Nc3 a6 6. Be2 Qc7 7. 0-0 Nf6 8. Be3 Be7 9. f4 d6 10. Qe1 Bd7 11. Kh1 b5 12. a3 Rb8 13. Rd1 h5 14. Bf3 Ng4 15. Bg1 g6 16. Qe2 Na5 17. Bxg4 hxg4 18. f5 Nc4 19. fxe6 fxe6 20. Qxg4 Ne5 21. Qg3 Bh4 22. Qh3 Ke7 23. Qe3 Bf6 24. Nf3 Rh5 25. Nxe5 Bxe5 26. g4 Rhh8 27. Qg5+ Ke8 28. Bd4 Bxd4 29. Rxd4 Qc5 30. Rd5 Qc4 31. Qf6 Qxf1+ 32. Qxf1 exd5 33. Qf6 Rf8 34. Qxg6+ Rf7 35. exd5 Ke7 36. Ne4 Rbf8 37. Qg5+ Rf6 38. Kg1 Be8 39. h4 Bg6 40. Nxf6 Rxf6 41. h5 Bxc2 42. Qe3+ Kf8 43. Qc3 1-0

[Event "CHI-ch"]
[Site "Punta Arenas"]
[Date "2014.02.18"]
[Round "1"]
[White "Rios Escobar, Adan"]
[Black "Torres Bravo, Cristobal Renato"]
[Result "1-0"]
[WhiteElo "2290"]
[BlackElo "2353"]
[PlyCount "95"]
[EventDate "2014.02.18"]
[EventType "tourn"]
[EventRounds "11"]
[EventCountry "CHI"]
[EventCategory "5"]
[SourceTitle "CBM 159 Extra"]
[Source "ChessBase"]
[SourceDate "2014.04.24"]
[SourceVersion "1"]
[SourceVersionDate "2014.04.24"]
[SourceQuality "1"]

1. e4 c5 2. Ne2 Nc6 3. d4 cxd4 4. Nxd4 Qb6 5. Nb3 Nf6 6. Nc3 e6 7. a3 a6 8. g3 Be7 9. Bg2 d6 10. 0-0 0-0 11. Be3 Qc7 12. f4 Re8 13. g4 Nd7 14. Qf3 b5 15. Qf2 Rb8 16. Ne2 Nb6 17. Nd2 Rd8 18. Nd4 Nxd4 19. Bxd4 Bf8 20. Kh1 Nd7 21. f5 e5 22. Bc3 a5 23. Nb3 b4 24. axb4 axb4 25. Be1 d5 26. Qe2 dxe4 27. Bh4 f6 28. Bxe4 Bb7 29. Bf2 Ra8 30. Qf3 Rxa1 31. Rxa1 Bxe4 32. Qxe4 Nb8 33. Ra8 h6 34. Kg2 Kh7 35. h4 Bd6 36. g5 hxg5 37. hxg5 Qc6 38. g6+ Kh6 39. Be3+ Kh5 40. Kf3 Qxe4+ 41. Kxe4 Kg4 42. Ra1 Rc8 43. Rg1+ Kh3 44. Rh1+ Kg4 45. Rd1 Bf8 46. Rg1+ Kh3 47. Nd2 Rxc2 48. Kf3 1-0

[Event "CHI-ch"]
[Site "Iquique"]
[Date "2013.02.21"]
[Round "10"]
[White "Lopez Silva, Hugo Andres"]
[Black "Torres Bravo, Cristobal Renato"]
[Result "1/2-1/2"]
[WhiteElo "2403"]
[BlackElo "2314"]
[PlyCount "63"]
[EventDate "2013.02.14"]
[EventType "tourn"]
[EventRounds "11"]
[EventCountry "CHI"]
[EventCategory "2"]
[SourceTitle "CBM 153 Extra"]
[Source "ChessBase"]
[SourceDate "2013.04.22"]
[SourceVersion "1"]
[SourceVersionDate "2013.04.22"]
[SourceQuality "1"]

1. e4 c5 2. Nf3 Nc6 3. d4 cxd4 4. Nxd4 e6 5. Nc3 Qc7 6. g3 a6 7. Bg2 h5 8. h3 h4 9. g4 Nge7 10. Nde2 Ng6 11. Be3 Nce5 12. b3 Ba3 13. f4 Nc6 14. e5 d5 15. exd6 Bxd6 16. Bb6 Qxb6 17. Qxd6 Bd7 18. 0-0-0 0-0-0 19. Na4 Qc7 20. Nc5 Be8 21. Qxc7+ Kxc7 22. f5 exf5 23. gxf5 Nge7 24. Be4 Rh5 25. Nf4 Rh6 26. c3 a5 27. a3 b6 28. Na6+ Kc8 29. b4 axb4 30. axb4 Bd7 31. b5 Na5 32. Nd5 1/2-1/2

[Event "CHI-ch"]
[Site "Iquique"]
[Date "2013.02.21"]
[Round "9"]
[White "Torres Bravo, Cristobal Renato"]
[Black "Mesias Rojas, Rabindranath"]
[Result "1-0"]
[WhiteElo "2314"]
[BlackElo "2209"]
[PlyCount "99"]
[EventDate "2013.02.14"]
[EventType "tourn"]
[EventRounds "11"]
[EventCountry "CHI"]
[EventCategory "2"]
[SourceTitle "CBM 153 Extra"]
[Source "ChessBase"]
[SourceDate "2013.04.22"]
[SourceVersion "1"]
[SourceVersionDate "2013.04.22"]
[SourceQuality "1"]

1. d4 Nf6 2. c4 c5 3. d5 e5 4. Nc3 d6 5. e4 Be7 6. Nge2 Nbd7 7. Ng3 h5 8. Nf5 Bf8 9. h4 g6 10. Ne3 a6 11. Bd3 Be7 12. Bd2 Kf8 13. Qe2 Kg7 14. g3 Nf8 15. f3 Bd7 16. Kf2 Ne8 17. Rag1 b5 18. f4 Bf6 19. Kf1 Nc7 20. f5 bxc4 21. Nxc4 Bb5 22. g4 hxg4 23. Rxg4 Bxc4 24. Bxc4 Nb5 25. h5 g5 26. Qg2 Nh7 27. h6+ Kf8 28. Qe2 Nxc3 29. Bxc3 Qb6 30. a4 Ke7 31. a5 Qb7 32. Be1 Rhg8 33. Rh3 Rgb8 34. Rg2 Qc8 35. Rb3 Rxb3 36. Bxb3 Kf8 37. Bc4 Bd8 38. Rg3 Bc7 39. Bd2 Bd8 40. Qg2 Bf6 41. Bxg5 Nxg5 42. Rxg5 Ke7 43. h7 Bxg5 44. Qxg5+ Kd7 45. Qg7 Qf8 46. f6 Kc7 47. Bxa6 Rd8 48. Bb5 Kb8 49. Bc6 Rc8 50. a6 1-0